[Event "CAN-ch"]
[Site "Toronto CAN"]
[Date "2025.04.21"]
[Round "7.18"]
[White "Zhang, Brian"]
[Black "Joseph Benher, Savio"]
[Result "0-1"]
[WhiteElo "1951"]
[BlackElo "2108"]
[WhiteFideId "-1"]
[WhiteFideId "-1"]
[PlyCount "92"]
[GameId "2172838510127347"]
[EventDate "2025.04.17"]
[EventType "swiss"]
[EventRounds "9"]
[EventCountry "CAN"]

1. e4 e6 2. d4 d5 3. e5 c5 4. c3 Nc6 5. Nf3 Bd7 6. a3 c4 7. Nbd2 Na5 8. g3 Bc6 9. Bg2 Qd7 10. O-O Ba4 11. Qe2 O-O-O 12. Ne1 Kb8 13. Rb1 Ne7 14. Ndf3 Nec6 15. h4 Ka8 16. Bh3 h6 17. Ng2 Be7 18. h5 Rdg8 19. Kh2 Nb3 20. Be3 g5 21. Bg4 Re8 22. Ng1 f5 23. exf6 Bxf6 24. f4 Qg7 25. Nh3 Rhf8 26. Nf2 Bd8 27. Bf3 gxf4 28. gxf4 Qf7 29. Ng4 Qxh5+ 30. Kg1 Qg6 31. Ne5 Nxe5 32. fxe5 Bg5 33. Bxg5 Qxg5 34. Bh5 Rd8 35. Rbd1 Rxf1+ 36. Rxf1 Nd2 37. Rf6 Ne4 38. Rg6 Ng3 39. Qf3 Qc1+ 40. Kh2 Nxh5 41. Qxh5 Qxb2 42. Rxh6 Qxc3 43. Rh8 Rb8 44. Qh4 a6 45. Rxb8+ Kxb8 46. Qd8+ Ka7 0-1

[Event "CAN-ch"]
[Site "Toronto CAN"]
[Date "2025.04.21"]
[Round "7.19"]
[White "Siddeley, Hugh"]
[Black "Barron, Michael"]
[Result "0-1"]
[WhiteElo "1923"]
[BlackElo "2062"]
[WhiteFideId "-1"]
[WhiteFideId "-1"]
[PlyCount "90"]
[GameId "2172841857407230"]
[EventDate "2025.04.17"]
[EventType "swiss"]
[EventRounds "9"]
[EventCountry "CAN"]

1. d4 f5 2. Bf4 Nf6 3. e3 e6 4. c4 Bb4+ 5. Nc3 Bxc3+ 6. bxc3 b6 7. f3 Bb7 8. Bd3 O-O 9. Nh3 d6 10. O-O Nbd7 11. Qc2 h6 12. Bg3 g5 13. e4 fxe4 14. fxe4 e5 15. Nf2 Qe7 16. Rae1 Rae8 17. d5 Nc5 18. Nd1 Bc8 19. Bf2 Nxd3 20. Qxd3 Nh5 21. Be3 Rxf1+ 22. Rxf1 Rf8 23. g3 Rxf1+ 24. Qxf1 Qf6 25. Qxf6 Nxf6 26. Nf2 Kg7 27. h3 Ba6 28. Kg2 Bxc4 29. a3 Be2 30. g4 Kg6 31. Kg3 h5 32. Bd2 h4+ 33. Kg2 Nd7 34. Be3 Kf6 35. Nh1 Bd3 36. Nf2 Bc2 37. Kf3 Nf8 38. Ke2 Ng6 39. Kd2 Bb1 40. Kc1 Ba2 41. Kd2 Bc4 42. Ke1 Nf4 43. Bxf4 exf4 44. Nd1 Ke5 45. Nf2 f3 0-1

[Event "CAN-ch"]
[Site "Toronto CAN"]
[Date "2025.04.21"]
[Round "7.20"]
[White "Wu, Nathan"]
[Black "Malakar, Saarthak"]
[Result "1-0"]
[WhiteElo "2083"]
[BlackElo "1930"]
[WhiteFideId "-1"]
[WhiteFideId "-1"]
[PlyCount "69"]
[GameId "2172849629063433"]
[EventDate "2025.04.17"]
[EventType "swiss"]
[EventRounds "9"]
[EventCountry "CAN"]

1. d4 d5 2. c4 c6 3. Nc3 Nf6 4. cxd5 cxd5 5. Bf4 Nc6 6. e3 e6 7. Rc1 Bd6 8. Bxd6 Qxd6 9. f4 O-O 10. Bd3 Nd7 11. Nf3 f5 12. O-O Nf6 13. Ne5 Bd7 14. a3 a6 15. Na4 Ne4 16. Nxd7 Qxd7 17. Nb6 Qd6 18. Nxa8 Rxa8 19. Bxe4 fxe4 20. b4 a5 21. b5 Na7 22. a4 Qa3 23. Re1 Nc8 24. Rc7 Nd6 25. Qg4 Nf5 26. Qh5 Rf8 27. g4 Qd6 28. Rxb7 Nxd4 29. exd4 Qxf4 30. Qh4 Qd2 31. Qg3 Rf3 32. Qb8+ Rf8 33. Rf1 Qe3+ 34. Kh1 Rxb8 35. Rxb8# 1-0

[Event "CAN-ch"]
[Site "Toronto CAN"]
[Date "2025.04.21"]
[Round "7.21"]
[White "Mok, Yuen Tak"]
[Black "Gao, Heye"]
[Result "1-0"]
[WhiteElo "1948"]
[BlackElo "2003"]
[WhiteFideId "-1"]
[WhiteFideId "-1"]
[PlyCount "113"]
[GameId "2172851208313105"]
[EventDate "2025.04.17"]
[EventType "swiss"]
[EventRounds "9"]
[EventCountry "CAN"]

1. c4 c6 2. Nf3 d5 3. e3 Nf6 4. Nc3 e6 5. b3 Bd6 6. Bb2 O-O 7. d4 Nbd7 8. Be2 b6 9. O-O Bb7 10. Qc2 Qe7 11. Rad1 Rac8 12. e4 dxe4 13. Nxe4 Nxe4 14. Qxe4 Rfd8 15. Bd3 Nf8 16. Rfe1 Ng6 17. Qg4 f5 18. Qg5 Qf7 19. Qc1 h6 20. c5 Bf4 21. Qc4 Re8 22. Bc1 Bc7 23. Re2 Rcd8 24. Rde1 Bc8 25. b4 Ne7 26. a4 g5 27. b5 bxc5 28. dxc5 cxb5 29. axb5 Ng6 30. Nd4 Ne5 31. Rxe5 Bxe5 32. Rxe5 Qf6 33. Nc6 Rd7 34. Re1 Bb7 35. Qc2 Rc7 36. Bb2 Qf8 37. Qc3 Kh7 38. Qe5 Rd7 39. Bc4 Qf7 40. h3 Bc8 41. Qe2 Rc7 42. Be5 Rb7 43. Bd6 Qf6 44. Ne5 Rg7 45. Nc6 Rgg8 46. Be5 Qf8 47. Qe3 Qf7 48. g3 Rgf8 49. Bd3 Bb7 50. Qe2 a6 51. Bd6 Rg8 52. Ne5 Qg7 53. c6 Bc8 54. b6 Rd8 55. Nc4 Rge8 56. Be5 Qe7 57. Rb1 1-0

[Event "CAN-ch"]
[Site "Toronto CAN"]
[Date "2025.04.21"]
[Round "7.22"]
[White "Cheng, Adrien"]
[Black "Lu, Tony"]
[Result "0-1"]
[WhiteElo "1801"]
[BlackElo "1999"]
[WhiteFideId "-1"]
[WhiteFideId "-1"]
[PlyCount "78"]
[GameId "2173029387107171"]
[EventDate "2025.04.17"]
[EventType "swiss"]
[EventRounds "9"]
[EventCountry "CAN"]

1. e4 e6 2. Qe2 c5 3. g3 Nc6 4. Nf3 g6 5. Bg2 Bg7 6. c3 Nge7 7. O-O e5 8. Rd1 O-O 9. Na3 d5 10. d3 h6 11. Rb1 Be6 12. b3 Qd7 13. Bb2 d4 14. Nc2 a5 15. Ba3 b6 16. cxd4 cxd4 17. Rb2 Na7 18. Bxe7 Qxe7 19. a4 Rfc8 20. Qd2 Rc3 21. Rdb1 Rac8 22. b4 Nc6 23. Nfe1 Bf8 24. bxa5 bxa5 25. f4 f6 26. Qf2 Nb4 27. fxe5 fxe5 28. Nxb4 axb4 29. Nf3 Rc1+ 30. Rxc1 Rxc1+ 31. Ne1 b3 32. Qd2 Qg5 33. Qxg5 hxg5 34. Kf2 Ba3 35. Rxb3 Bxb3 36. Nf3 Rc2+ 37. Kf1 Bd6 38. a5 Ra2 39. Nxg5 Rxa5 0-1

[Event "CAN-ch"]
[Site "Toronto CAN"]
[Date "2025.04.21"]
[Round "7.23"]
[White "Blair, Michael"]
[Black "Hoekman, Samuel"]
[Result "1/2-1/2"]
[WhiteElo "1840"]
[BlackElo "1944"]
[WhiteFideId "-1"]
[WhiteFideId "-1"]
[PlyCount "61"]
[GameId "2173031234685803"]
[EventDate "2025.04.17"]
[EventType "swiss"]
[EventRounds "9"]
[EventCountry "CAN"]

1. e4 e6 2. d3 d5 3. Qe2 Nf6 4. Nf3 Be7 5. g3 O-O 6. Bg2 c5 7. O-O Nc6 8. e5 Nd7 9. c4 f6 10. exf6 Nxf6 11. Nc3 d4 12. Ne4 Nxe4 13. Qxe4 Kh8 14. a3 Qe8 15. Ng5 Qg6 16. Qxg6 hxg6 17. Re1 Bxg5 18. Bxg5 Rf5 19. Bxc6 bxc6 20. f4 Rb8 21. Re2 Rb3 22. Rd1 e5 23. Rdd2 exf4 24. Re8+ Kh7 25. gxf4 Bd7 26. Rd8 Rf7 27. Kf2 Bf5 28. Re2 Bd7 29. Rd2 Bf5 30. Re2 Bd7 31. Rd2 1/2-1/2

[Event "CAN-ch"]
[Site "Toronto CAN"]
[Date "2025.04.21"]
[Round "7.24"]
[White "Zhang, Daniel"]
[Black "Mutyalapati, Modith Aaroh"]
[Result "1-0"]
[WhiteElo "1909"]
[BlackElo "1985"]
[WhiteFideId "-1"]
[WhiteFideId "-1"]
[PlyCount "83"]
[GameId "2173032889871219"]
[EventDate "2025.04.17"]
[EventType "swiss"]
[EventRounds "9"]
[EventCountry "CAN"]

1. c4 Nf6 2. Nf3 e6 3. e3 d5 4. Nc3 c6 5. d4 Nbd7 6. Bd3 dxc4 7. Bxc4 b5 8. Bb3 b4 9. Ne2 Bb7 10. O-O c5 11. Nf4 Bd6 12. Nd3 Qe7 13. dxc5 Nxc5 14. Nxc5 Bxc5 15. Ba4+ Kf8 16. Qe2 h5 17. a3 Rg8 18. Ng5 g6 19. axb4 Bxb4 20. e4 Kg7 21. e5 Nh7 22. h4 Rac8 23. Bf4 Bd5 24. Bb5 f5 25. exf6+ Nxf6 26. Ra6 Rge8 27. Rfa1 Bc5 28. Bxe8 Rxe8 29. Be3 Bb7 30. Bxc5 Bxa6 31. Qxa6 Qxc5 32. Nxe6+ Rxe6 33. Qxe6 Ng4 34. Qd7+ Kh6 35. Qd2+ Kh7 36. Ra5 Qc7 37. g3 Qb6 38. Rd5 Qa6 39. Rd7+ Kg8 40. Qd5+ Kh8 41. Qa8+ Qc8 42. Qxc8# 1-0

[Event "CAN-ch"]
[Site "Toronto CAN"]
[Date "2025.04.21"]
[Round "7.25"]
[White "Wang, Nathan"]
[Black "Li, Adam"]
[Result "1-0"]
[WhiteElo "1977"]
[BlackElo "1960"]
[WhiteFideId "-1"]
[WhiteFideId "-1"]
[PlyCount "57"]
[GameId "2173034424699846"]
[EventDate "2025.04.17"]
[EventType "swiss"]
[EventRounds "9"]
[EventCountry "CAN"]

1. e4 e5 2. Nf3 Nc6 3. Bc4 Nf6 4. d3 Be7 5. O-O O-O 6. Re1 d6 7. a4 a5 8. Nc3 Kh8 9. Nd5 h6 10. h3 Nh7 11. d4 f5 12. Nxe7 Qxe7 13. Bd5 f4 14. Bxc6 bxc6 15. b3 Ng5 16. Bb2 c5 17. dxe5 Nxf3+ 18. Qxf3 dxe5 19. Rad1 Ra6 20. Rd5 Re6 21. Ba3 Qh4 22. Bxc5 Rfe8 23. Qg4 Qf6 24. Qh5 Kg8 25. f3 c6 26. Rd2 g5 27. Red1 Kg7 28. Kh2 Rg8 29. Bb6 1-0

[Event "CAN-ch"]
[Site "Toronto CAN"]
[Date "2025.04.21"]
[Round "7.26"]
[White "Joseph, Jonath"]
[Black "Zhao, Jifan"]
[Result "1-0"]
[WhiteElo "2034"]
[BlackElo "1890"]
[WhiteFideId "-1"]
[WhiteFideId "-1"]
[PlyCount "65"]
[GameId "2173035702012878"]
[EventDate "2025.04.17"]
[EventType "swiss"]
[EventRounds "9"]
[EventCountry "CAN"]

1. Nf3 Nf6 2. c4 e6 3. e3 Be7 4. Be2 O-O 5. O-O d5 6. b3 b6 7. Bb2 Bb7 8. d4 c6 9. Nbd2 Nbd7 10. Rc1 Rc8 11. Rc2 c5 12. Qa1 cxd4 13. Nxd4 dxc4 14. Nxc4 Bc5 15. Rfc1 Qe7 16. a3 a5 17. Bf3 Bd5 18. Nd2 Ne5 19. Bxd5 Nxd5 20. Nf5 exf5 21. Bxe5 f6 22. Bd4 Bxd4 23. Qxd4 Rcd8 24. Qb2 Rfe8 25. g3 Qe5 26. Nc4 Qe4 27. Rd2 b5 28. Nxa5 Rd7 29. Rd4 Qf3 30. Qd2 h5 31. Qd1 Rxe3 32. Qxf3 Rxf3 33. Kg2 1-0

[Event "CAN-ch"]
[Site "Toronto CAN"]
[Date "2025.04.21"]
[Round "8.1"]
[White "Kaufman, Raymond"]
[Black "Noritsyn, Nikolay"]
[Result "0-1"]
[WhiteElo "2216"]
[BlackElo "2450"]
[WhiteFideId "-1"]
[WhiteFideId "-1"]
[PlyCount "102"]
[GameId "2170886165214589"]
[EventDate "2025.04.17"]
[EventType "swiss"]
[EventRounds "9"]
[EventCountry "CAN"]

1. Nf3 d5 2. g3 Nd7 3. d4 Nb6 4. Bg2 Bf5 5. O-O e6 6. Nbd2 c6 7. Re1 Nf6 8. Nh4 Be7 9. Nxf5 exf5 10. a4 a5 11. c3 O-O 12. f3 c5 13. Nb3 cxd4 14. Nxd4 g6 15. Qb3 Re8 16. Kh1 Bf8 17. Bg5 Be7 18. Rad1 Nfd7 19. Bxe7 Rxe7 20. f4 Nf6 21. Bf3 Qc7 22. Nb5 Qc5 23. Rd4 Re3 24. Red1 Rae8 25. Qa3 Qc6 26. b3 Ne4 27. Bxe4 R8xe4 28. Rxe4 Rxe4 29. Rd2 Nc8 30. Qc1 Ne7 31. Nd4 Qc5 32. Rd3 Nc6 33. Qd1 Qe7 34. Nf3 Rxe2 35. Ne5 Re4 36. Rxd5 Nxe5 37. Rxe5 Rxe5 38. fxe5 Qxe5 39. Qd2 h5 40. Kg2 Qe4+ 41. Kf2 h4 42. Qd8+ Kg7 43. gxh4 Qc2+ 44. Kg1 Qxc3 45. Qd5 Qe3+ 46. Kf1 Qf4+ 47. Kg1 b6 48. Qb5 Qe3+ 49. Kg2 f4 50. Qd5 Qe2+ 51. Kh3 Qe6+ 0-1

[Event "CAN-ch"]
[Site "Toronto CAN"]
[Date "2025.04.21"]
[Round "8.2"]
[White "Rodrigue-Lemieux, Shawn"]
[Black "Plotkin, Mark"]
[Result "1-0"]
[WhiteElo "2505"]
[BlackElo "2349"]
[WhiteFideId "-1"]
[WhiteFideId "-1"]
[PlyCount "71"]
[GameId "2170886165214590"]
[EventDate "2025.04.17"]
[EventType "swiss"]
[EventRounds "9"]
[EventCountry "CAN"]

1. e4 e5 2. Nf3 Nc6 3. Bc4 Nf6 4. d3 Bc5 5. Nc3 a6 6. Bg5 h6 7. Bxf6 Qxf6 8. Nd5 Qd8 9. c3 d6 10. d4 Ba7 11. dxe5 dxe5 12. Qe2 b5 13. Bb3 O-O 14. Rd1 Bd7 15. g4 Bxg4 16. Ne3 Bxf3 17. Qxf3 Qg5 18. Bd5 Bxe3 19. fxe3 Na5 20. Bxa8 Rxa8 21. Rd7 Nc4 22. Ke2 Nxb2 23. Rf1 Kh8 24. Rxf7 Nc4 25. h4 Qxh4 26. Rg1 Qd8 27. Rgxg7 Qd2+ 28. Kf1 Nxe3+ 29. Kg1 Qe1+ 30. Kh2 Qh4+ 31. Qh3 Nf1+ 32. Kg2 Qxh3+ 33. Kxh3 Nd2 34. Rh7+ Kg8 35. Rfg7+ Kf8 36. Rg2 1-0

[Event "CAN-ch"]
[Site "Toronto CAN"]
[Date "2025.04.21"]
[Round "8.4"]
[White "Yang, Ryan"]
[Black "Kalinin, Dzmitry"]
[Result "1/2-1/2"]
[WhiteElo "2350"]
[BlackElo "2119"]
[WhiteFideId "-1"]
[WhiteFideId "-1"]
[PlyCount "100"]
[GameId "2170886165218688"]
[EventDate "2025.04.17"]
[EventType "swiss"]
[EventRounds "9"]
[EventCountry "CAN"]

1. e4 e6 2. d4 d5 3. Nc3 dxe4 4. Nxe4 Nd7 5. Nf3 Ngf6 6. Bd3 Nxe4 7. Bxe4 Nf6 8. Bd3 c5 9. dxc5 Bxc5 10. O-O O-O 11. Qe2 Qc7 12. a3 a5 13. Bg5 Be7 14. Rad1 Rd8 15. Rfe1 Bd7 16. Ne5 Be8 17. h3 Nd5 18. Bxe7 Nxe7 19. Qe4 Ng6 20. Nxg6 hxg6 21. Qe5 Qxe5 22. Rxe5 Rd5 23. Rxd5 exd5 24. f3 Kf8 25. Re1 Bc6 26. Kf2 g5 27. Re2 Re8 28. Rxe8+ Kxe8 29. Ke3 Ke7 30. Kd4 Kd6 31. b4 axb4 32. axb4 Bd7 33. c3 b6 34. Bf1 Bc8 35. g3 Bd7 36. f4 gxf4 37. gxf4 f6 38. h4 Be6 39. Bg2 Bf7 40. Bf3 Be6 41. Bh5 Bh3 42. Bf7 Bg2 43. Bg6 Bf1 44. Bf5 Be2 45. Bc8 Bh5 46. Bf5 Be2 47. Bg6 Bf1 48. Bh5 Bh3 49. Bf7 Bg2 50. Bg6 Bf1 1/2-1/2

[Event "CAN-ch"]
[Site "Toronto CAN"]
[Date "2025.04.21"]
[Round "8.5"]
[White "Kot, Emanuel"]
[Black "Atanasov, Anthony"]
[Result "1/2-1/2"]
[WhiteElo "2103"]
[BlackElo "2413"]
[WhiteFideId "-1"]
[WhiteFideId "-1"]
[PlyCount "156"]
[GameId "2170886165218689"]
[EventDate "2025.04.17"]
[EventType "swiss"]
[EventRounds "9"]
[EventCountry "CAN"]

1. e4 e5 2. Nf3 Nc6 3. Bb5 a6 4. Ba4 Bc5 5. O-O Nge7 6. Bxc6 Nxc6 7. Nxe5 Nxe5 8. d4 Bd6 9. dxe5 Bxe5 10. Nd2 g6 11. Nf3 Bg7 12. Bg5 f6 13. Bf4 d6 14. Qd5 Qe7 15. Nd4 Qf7 16. Rfe1 O-O 17. c4 f5 18. Rad1 Re8 19. f3 fxe4 20. fxe4 Bg4 21. Rd2 Bxd4+ 22. Rxd4 Be6 23. Qg5 Bxc4 24. b3 Bb5 25. e5 Re6 26. Rde4 Rae8 27. h4 Bc6 28. R4e3 dxe5 29. Rxe5 Rxe5 30. Bxe5 Qd5 31. Kh2 Qf7 32. Qg3 Qd5 33. Qg5 Qd8 34. Qh6 Qe7 35. Re3 Qf8 36. Qg5 Re6 37. Rd3 Qf5 38. Qxf5 gxf5 39. Rg3+ Kf7 40. Bxc7 Re2 41. a3 h5 42. Kg1 Be4 43. Bb6 Ke6 44. Bf2 Ra2 45. b4 Ra1+ 46. Kh2 Rf1 47. Bc5 Rf4 48. Rg6+ Kf7 49. Kg3 Rxh4 50. Kxh4 Kxg6 51. g3 b5 52. Bd4 Bf3 53. Bc3 Bg4 54. Be5 Kf7 55. Bf4 Ke6 56. Kg5 Kd5 57. Kh4 Kc4 58. Bg5 Kb3 59. Bc1 Kc2 60. Bf4 Kb2 61. Bc7 Kxa3 62. Ba5 Kb3 63. Kg5 Kc4 64. Kf4 Kd5 65. Bd8 Ke6 66. Ba5 Be2 67. Bd8 Bg4 68. Ba5 Kd5 69. Bd8 Kd4 70. Ba5 Kd3 71. Bd8 Ke2 72. Ba5 Kf2 73. Bd8 Kg2 74. Ba5 Kh3 75. Bd8 Kh2 76. Ba5 Kg2 77. Bc7 Kh3 78. Bd8 Kg2 1/2-1/2

[Event "CAN-ch"]
[Site "Toronto CAN"]
[Date "2025.04.21"]
[Round "8.8"]
[White "Jaferian, Koosha"]
[Black "Gavrilin, Roman"]
[Result "1/2-1/2"]
[WhiteElo "2293"]
[BlackElo "2171"]
[WhiteFideId "-1"]
[WhiteFideId "-1"]
[PlyCount "48"]
[GameId "2172380298638071"]
[EventDate "2025.04.17"]
[EventType "swiss"]
[EventRounds "9"]
[EventCountry "CAN"]

1. e4 c5 2. Nc3 d6 3. d4 cxd4 4. Qxd4 Nc6 5. Qd2 Nf6 6. b3 e6 7. Bb2 d5 8. exd5 exd5 9. O-O-O Be6 10. Kb1 Qa5 11. Nb5 Qxd2 12. Rxd2 Bb4 13. Re2 Kd7 14. Nf3 a6 15. Nbd4 Ne4 16. Nxe6 fxe6 17. Bxg7 Rhg8 18. Ne5+ Nxe5 19. Bxe5 Bc5 20. f4 Nf2 21. Rg1 Nh3 22. Rh1 Nf2 23. Rg1 Nh3 24. Rh1 Nf2 1/2-1/2

[Event "CAN-ch"]
[Site "Toronto CAN"]
[Date "2025.04.21"]
[Round "8.9"]
[White "Song, Ethan"]
[Black "Wang, Harry"]
[Result "1-0"]
[WhiteElo "2291"]
[BlackElo "2181"]
[WhiteFideId "-1"]
[WhiteFideId "-1"]
[PlyCount "73"]
[GameId "2172384753510027"]
[EventDate "2025.04.17"]
[EventType "swiss"]
[EventRounds "9"]
[EventCountry "CAN"]

1. e4 e6 2. d4 d5 3. Nd2 c5 4. Ngf3 cxd4 5. exd5 Qxd5 6. Bc4 Qd6 7. O-O Nc6 8. Ne4 Qb4 9. b3 Nf6 10. Nxf6+ gxf6 11. Nxd4 Nxd4 12. Qxd4 Be7 13. Rd1 Qc5 14. Qh4 Bd7 15. Bb2 Rg8 16. Bxf6 Bc6 17. g3 b5 18. Bxe7 Qxe7 19. Qxh7 Qg5 20. Bf1 Rg6 21. Qh8+ Rg8 22. Qc3 Rc8 23. Rd6 Bb7 24. Qd3 a6 25. Rd1 Rh8 26. Bg2 Bxg2 27. Kxg2 Kf8 28. Rxa6 Qh5 29. h4 Qg4 30. Qd6+ Kg8 31. Rd4 Qg6 32. Rc6 Kh7 33. Qc5 Rcd8 34. Rf4 Rd5 35. Qxd5 exd5 36. Rxg6 Kxg6 37. Rd4 1-0

[Event "CAN-ch"]
[Site "Toronto CAN"]
[Date "2025.04.21"]
[Round "8.10"]
[White "Cummings, David"]
[Black "Moses, Neil"]
[Result "1/2-1/2"]
[WhiteElo "2257"]
[BlackElo "2148"]
[WhiteFideId "-1"]
[WhiteFideId "-1"]
[PlyCount "69"]
[GameId "2172394045134495"]
[EventDate "2025.04.17"]
[EventType "swiss"]
[EventRounds "9"]
[EventCountry "CAN"]

1. c4 b6 2. Nc3 Bb7 3. e4 e6 4. Nf3 Bb4 5. Bd3 Ne7 6. O-O O-O 7. Bc2 d6 8. Ne2 d5 9. cxd5 exd5 10. e5 Ng6 11. d4 Be7 12. Ne1 c5 13. f4 cxd4 14. Nxd4 Nc6 15. Nef3 Bc5 16. Kh1 Nxd4 17. Nxd4 a6 18. Be3 Re8 19. Rc1 Nf8 20. Rf3 f6 21. exf6 Qxf6 22. Bg1 Rad8 23. Qd2 Kh8 24. b4 Be7 25. f5 Qf7 26. Re1 Bf6 27. Re2 Rxe2 28. Qxe2 Re8 29. Re3 Rxe3 30. Qxe3 Qe7 31. b5 axb5 32. Nxb5 Qxe3 33. Bxe3 Nd7 34. Kg1 Kg8 35. Kf2 1/2-1/2

[Event "CAN-ch"]
[Site "Toronto CAN"]
[Date "2025.04.21"]
[Round "8.11"]
[White "Ng, Gary"]
[Black "Dhaliwal, Jaipreet Singh"]
[Result "1/2-1/2"]
[WhiteElo "2210"]
[BlackElo "2109"]
[WhiteFideId "-1"]
[WhiteFideId "-1"]
[PlyCount "81"]
[GameId "2172396167878311"]
[EventDate "2025.04.17"]
[EventType "swiss"]
[EventRounds "9"]
[EventCountry "CAN"]

1. d4 Nf6 2. Bf4 c5 3. dxc5 Na6 4. f3 e6 5. Bd6 Nxc5 6. Bxf8 Rxf8 7. b4 Na6 8. a3 d5 9. e3 Nc7 10. Bd3 Qd6 11. Nd2 a5 12. Rb1 axb4 13. axb4 Bd7 14. Ne2 Ke7 15. c4 Ra3 16. Nc1 Rd8 17. O-O Ba4 18. Qe2 b6 19. Kh1 h5 20. Re1 Kf8 21. Nf1 dxc4 22. Bxc4 Rc3 23. Bb3 Bxb3 24. Nxb3 Qxb4 25. Nd4 Qc4 26. Qb2 Ncd5 27. Nb5 Rc2 28. Qe5 Qc5 29. Nd4 Rc3 30. Nb5 Rc2 31. Nd4 Rc3 32. Nb5 Rc4 33. e4 Nc3 34. Qxc5+ Rxc5 35. Nxc3 Rxc3 36. Rxb6 Rdc8 37. h4 Nd7 38. Rb5 Rc1 39. Rb1 Rxe1 40. Rxe1 Ne5 41. Rd1 1/2-1/2

[Event "CAN-ch"]
[Site "Toronto CAN"]
[Date "2025.04.21"]
[Round "8.12"]
[White "Lin, Leo"]
[Black "Marchand, Calix"]
[Result "0-1"]
[WhiteElo "2119"]
[BlackElo "2104"]
[WhiteFideId "-1"]
[WhiteFideId "-1"]
[PlyCount "106"]
[GameId "2172432460078054"]
[EventDate "2025.04.17"]
[EventType "swiss"]
[EventRounds "9"]
[EventCountry "CAN"]

1. d4 Nf6 2. Bf4 d5 3. e3 c5 4. c3 Nc6 5. Nd2 e6 6. Ngf3 Nh5 7. Bg5 f6 8. Bh4 g6 9. Bb5 Be7 10. dxc5 Bxc5 11. g4 Ng7 12. Ne5 O-O 13. Nxc6 Qb6 14. Nd4 Bxd4 15. cxd4 Qxb5 16. Qb3 Qa6 17. Qa3 Qxa3 18. bxa3 Bd7 19. O-O Rac8 20. Rfc1 Kf7 21. Bg3 b6 22. h3 g5 23. f3 Ba4 24. Kf2 Bc2 25. Ke2 Rc6 26. Nb3 Rfc8 27. Kd2 Rc4 28. a4 a5 29. Bd6 h5 30. Bg3 Ke7 31. f4 Ne8 32. fxg5 fxg5 33. Be5 h4 34. Nc5 Bg6 35. Nb3 Nd6 36. Bxd6+ Kxd6 37. Ke2 Bc2 38. Kd2 Ke7 39. Rh1 Be4 40. Rhc1 Bc2 41. Rh1 Bxb3 42. axb3 Rc2+ 43. Kd1 R8c3 44. Rb1 Ra2 45. b4 Rd3+ 46. Kc1 Rc3+ 47. Kd1 Rxe3 48. bxa5 bxa5 49. Rf1 Rxh3 50. Rb7+ Kd6 51. Rb6+ Kc7 52. Rxe6 Ra1+ 53. Ke2 Rh2+ 0-1

[Event "CAN-ch"]
[Site "Toronto CAN"]
[Date "2025.04.21"]
[Round "8.13"]
[White "Joseph Benher, Savio"]
[Black "Windram, James"]
[Result "1-0"]
[WhiteElo "2108"]
[BlackElo "1953"]
[WhiteFideId "-1"]
[WhiteFideId "-1"]
[PlyCount "101"]
[GameId "2172436148044240"]
[EventDate "2025.04.17"]
[EventType "swiss"]
[EventRounds "9"]
[EventCountry "CAN"]

1. e4 c5 2. Nf3 d6 3. d4 cxd4 4. Nxd4 Nf6 5. Nc3 Nc6 6. f3 e5 7. Nb3 Be7 8. Be3 O-O 9. Qd2 a5 10. Bb5 Be6 11. O-O-O Nb4 12. a3 d5 13. Bc5 Bxc5 14. Nxc5 Qb6 15. N5a4 Na2+ 16. Nxa2 Qxb5 17. N2c3 Qe8 18. exd5 Rd8 19. Nb6 Bf5 20. Rhe1 Qe7 21. g4 Bg6 22. Qe3 Rfe8 23. Nc4 b5 24. Nxa5 Ra8 25. g5 Rxa5 26. Qb6 Rxa3 27. gxf6 Ra1+ 28. Kd2 Rxd1+ 29. Rxd1 gxf6 30. Qxb5 f5 31. Kc1 Rd8 32. d6 Qe6 33. b3 e4 34. f4 e3 35. Qd3 Bh5 36. Re1 e2 37. Nxe2 Rxd6 38. Qg3+ Kf8 39. Nc3 Qc8 40. Kb2 Rc6 41. Qd3 f6 42. Nd5 Bf7 43. Ne7 Qe8 44. Nxc6 Qxe1 45. Qxf5 Qh1 46. Qxf6 Qxh2 47. Ne5 Qh5 48. f5 Kg8 49. b4 Be8 50. Qe7 Ba4 51. f6 1-0

[Event "CAN-ch"]
[Site "Toronto CAN"]
[Date "2025.04.21"]
[Round "8.14"]
[White "Barron, Michael"]
[Black "Liu, Sean"]
[Result "1/2-1/2"]
[WhiteElo "2062"]
[BlackElo "1937"]
[WhiteFideId "-1"]
[WhiteFideId "-1"]
[PlyCount "110"]
[GameId "2172457664635481"]
[EventDate "2025.04.17"]
[EventType "swiss"]
[EventRounds "9"]
[EventCountry "CAN"]

1. e4 c5 2. Nf3 e6 3. d4 cxd4 4. Nxd4 a6 5. Bd3 Nf6 6. O-O Qc7 7. Qe2 d6 8. c4 g6 9. Nc3 Bg7 10. Be3 O-O 11. Rac1 Nbd7 12. f4 b6 13. b4 Bb7 14. Nb3 Rac8 15. c5 bxc5 16. bxc5 Nxc5 17. Nxc5 dxc5 18. e5 Nd7 19. Bxa6 Ra8 20. Bxb7 Qxb7 21. Rc2 Ra5 22. Rb1 Qc6 23. Rb5 Rfa8 24. Qc4 Bf8 25. Rcb2 h5 26. Rxa5 Rxa5 27. Qe4 Qa6 28. a4 Nb6 29. Ra2 Nc4 30. Bf2 Nb6 31. h3 Nd5 32. Nxd5 exd5 33. Qxd5 Rxa4 34. Rxa4 Qxa4 35. Be3 Qa3 36. Kf2 Qb2+ 37. Kf3 Qc3 38. e6 Qf6 39. exf7+ Qxf7 40. Ke4 Kg7 41. Qxf7+ Kxf7 42. Kd5 Kf6 43. g4 hxg4 44. hxg4 Kf7 45. Bxc5 Bg7 46. Bd4 Bh6 47. Be5 Bf8 48. Bd6 Bg7 49. Bc7 Bf8 50. Bd8 Bg7 51. Kd6 Bf8+ 52. Ke5 Bg7+ 53. Ke4 Bf8 54. Kf3 Bd6 55. Bb6 Bf8 1/2-1/2

[Event "CAN-ch"]
[Site "Toronto CAN"]
[Date "2025.04.21"]
[Round "8.15"]
[White "Trofimov-Malyshkin, Valentyn"]
[Black "Bao, Tony"]
[Result "1/2-1/2"]
[WhiteElo "1982"]
[BlackElo "1979"]
[WhiteFideId "-1"]
[WhiteFideId "-1"]
[PlyCount "72"]
[GameId "2172461065658985"]
[EventDate "2025.04.17"]
[EventType "swiss"]
[EventRounds "9"]
[EventCountry "CAN"]

1. d4 Nf6 2. c4 g6 3. Nc3 Bg7 4. e4 d6 5. Nf3 O-O 6. Be2 e5 7. d5 a5 8. O-O Na6 9. Qc2 Nc5 10. Bg5 h6 11. Be3 Ng4 12. Bxc5 dxc5 13. h3 Nf6 14. Nxe5 Nxd5 15. cxd5 Bxe5 16. Nb5 Qh4 17. Bd3 g5 18. Nc3 g4 19. Ne2 Kh8 20. f4 gxf3 21. Rxf3 Rg8 22. Kf1 Rxg2 23. Kxg2 Bxh3+ 24. Rxh3 Rg8+ 25. Ng3 Rxg3+ 26. Rxg3 Qxg3+ 27. Kf1 Qf3+ 28. Qf2 Qxd3+ 29. Qe2 Qh3+ 30. Qg2 Qh4 31. Ke2 Qg5 32. Qxg5 hxg5 33. Kf3 Kg7 34. Rc1 b6 35. b3 Kf6 36. Rh1 Kg6 1/2-1/2

[Event "CAN-ch"]
[Site "Toronto CAN"]
[Date "2025.04.21"]
[Round "8.16"]
[White "Xu, Leon"]
[Black "Wu, Nathan"]
[Result "1-0"]
[WhiteElo "1969"]
[BlackElo "2083"]
[WhiteFideId "-1"]
[WhiteFideId "-1"]
[PlyCount "73"]
[GameId "2172473607557745"]
[EventDate "2025.04.17"]
[EventType "swiss"]
[EventRounds "9"]
[EventCountry "CAN"]

1. e4 d5 2. exd5 Qxd5 3. Nc3 Qd6 4. d4 Nf6 5. Nf3 c6 6. Bc4 Bg4 7. Be3 e6 8. h3 Bh5 9. Qd2 Bxf3 10. gxf3 Nbd7 11. O-O-O Nb6 12. Bd3 O-O-O 13. Ne4 Qd5 14. Kb1 Nc4 15. Qe2 Nxe3 16. fxe3 Be7 17. Rhg1 g6 18. Ng5 Rdf8 19. e4 Qxd4 20. Nxf7 Rxf7 21. Bc4 Qe5 22. f4 Qc7 23. Bxe6+ Kb8 24. Bxf7 Bc5 25. Rg5 Qe7 26. Re5 Qxf7 27. Rxc5 Re8 28. Re5 Rf8 29. Qd3 Ng8 30. Qd6+ Kc8 31. f5 g5 32. a4 h5 33. b4 g4 34. hxg4 hxg4 35. b5 Re8 36. bxc6 Rxe5 37. Qd8# 1-0

[Event "CAN-ch"]
[Site "Toronto CAN"]
[Date "2025.04.21"]
[Round "8.17"]
[White "Zhong, Ryan Yunhui"]
[Black "Wang, Nathan"]
[Result "1-0"]
[WhiteElo "2078"]
[BlackElo "1977"]
[WhiteFideId "-1"]
[WhiteFideId "-1"]
[PlyCount "51"]
[GameId "2172475123577922"]
[EventDate "2025.04.17"]
[EventType "swiss"]
[EventRounds "9"]
[EventCountry "CAN"]

1. e4 c5 2. b4 cxb4 3. d4 d5 4. exd5 Nf6 5. a3 Qa5 6. Qd2 Nxd5 7. Bb2 e6 8. axb4 Qxb4 9. c3 Qb3 10. Na3 Bd7 11. Nf3 b5 12. Qc1 Nb6 13. Be2 Na4 14. Nxb5 Bxb5 15. Nd2 Qxb2 16. Qxb2 Nxb2 17. Bxb5+ Nd7 18. Ra2 Rc8 19. Rxa7 Rxc3 20. Ke2 Bb4 21. Bxd7+ Kd8 22. Ne4 Rc2+ 23. Kf3 Rf8 24. Bb5 Nc4 25. Rha1 Nb6 26. Rb7 1-0